[Event "AUTO-MASTER-3284"]
[Site "http://www.queenalice.com/game.php?id=1864053"]
[Date "2025.10.10"]
[Round "1"]
[White "raulzampronha"]
[Black "JailtonMaster"]
[Result "1-0"]
[WhiteElo "2238"]
[BlackElo "2212"]

1. e4 e5 2. Nf3 Nc6 3. d4 exd4 4. Nxd4 Bc5 5. Be3 Qf6 6. c3 Nge7 7. Bc4 O-O 8.
O-O Nxd4 9. cxd4 Bb6 10. Nc3 d6 11. Qd2 Be6 12. Bg5 Qxd4 13. Qxd4 Bxd4 14. Bxe6
1-0

[Event "AUTO-MASTER-3284"]
[Site "http://www.queenalice.com/game.php?id=1864054"]
[Date "2025.10.10"]
[Round "1"]
[White "JailtonMaster"]
[Black "raulzampronha"]
[Result "1-0"]
[WhiteElo "2208"]
[BlackElo "2249"]

1. d4 d5 2. c4 e6 3. Nf3 Nf6 4. Nc3 Bb4 5. Bg5 h6 6. Bh4 dxc4 7. e4 g5 8. Bg3
Nxe4 9. Qc2 Qd5 10. Bxc7 Nc6 11. O-O-O Bxc3 12. bxc3 Bd7 13. Re1 f5 14. Ne5 Nxe5
15. Bxe5 O-O 16. h4 g4 17. f3 Nf6 18. Be2 gxf3 19. Bxf3 Qa5 20. g4 Qa3+ 21. Kb1
Ba4 22. Qg2 1-0

[Event "AUTO-MASTER-3284"]
[Site "http://www.queenalice.com/game.php?id=1864055"]
[Date "2025.10.10"]
[Round "1"]
[White "raulzampronha"]
[Black "IranSilva"]
[Result "1/2-1/2"]
[WhiteElo "2255"]
[BlackElo "2247"]

1. e4 e5 2. Nf3 Nc6 3. d4 exd4 4. Nxd4 Bc5 5. Be3 Qf6 6. c3 Nge7 7. Bc4 d6 8.
O-O O-O 9. Nxc6 Nxc6 10. Bxc5 dxc5 11. f4 Qh4 12. Qd5 Be6 13. Qxc5 Bxc4 14. Qxc4
Rfd8 15. Qe2 Rd6 16. Nd2 Rad8 17. Nc4 Rh6 18. g3 Rg6 19. Qf2 Rd3 20. Ne3 Na5 21.
Rad1 Qd8 22. Rxd3 Qxd3 23. e5 h5 24. Ng2 Rb6 25. Ne3 Qb5 26. b3 Qc6 27. c4 Qe4
28. Nd5 Rh6 29. Qxa7 Ra6 30. Qb8+ Kh7 31. Qxc7 Qg6 32. Qd8 Nc6 33. Qd6 Qe4 34.
a4 Nd4 35. Qb4 1/2-1/2

[Event "AUTO-MASTER-3284"]
[Site "http://www.queenalice.com/game.php?id=1864056"]
[Date "2025.10.10"]
[Round "1"]
[White "IranSilva"]
[Black "raulzampronha"]
[Result "1/2-1/2"]
[WhiteElo "2247"]
[BlackElo "2255"]

1. Nf3 Nf6 2. g3 d5 3. d4 Bf5 4. Bg2 e6 5. O-O Be7 6. Bg5 O-O 7. Nh4 Bg4 8. h3
Bh5 9. g4 Bg6 10. Nxg6 hxg6 11. Nd2 Nbd7 12. Nf3 c5 13. c3 Rc8 14. Qa4 Qb6 15.
Rab1 cxd4 16. Nxd4 Rfe8 17. Be3 Nc5 18. Qd1 Qa6 19. a3 Nfe4 20. Nb3 Red8 21.
Nxc5 Bxc5 22. Bxc5 Nxc5 23. Qc2 Qa4 24. Qxa4 Nxa4 25. e4 dxe4 26. Bxe4 b6 27.
Bc2 Nc5 28. Rbd1 Kf8 29. Rxd8+ Rxd8 30. Rd1 Rxd1+ 31. Bxd1 Ke7 32. Bc2 g5 33. b4
Nd7 34. Bd3 Kd6 35. Kf1 Ne5 36. Be2 Ng6 37. Ke1 Nf4 38. Bf1 g6 1/2-1/2

[Event "AUTO-MASTER-3285"]
[Site "http://www.queenalice.com/game.php?id=1864380"]
[Date "2025.10.16"]
[Round "1"]
[White "raulzampronha"]
[Black "cerenzo72"]
[Result "1-0"]
[WhiteElo "2243"]
[BlackElo "2137"]

1. e4 e5 2. Nf3 d6 3. d4 exd4 4. Nxd4 Nf6 5. Nc3 Be7 6. Bf4 b6 7. Bb5+ Bd7 8.
Bxd7+ Nbxd7 9. Nc6 Qc8 10. O-O Qb7 11. Nxe7 Kxe7 12. Bg5 Rhe8 13. Nd5+ Kd8 14.
Bxf6+ Nxf6 15. Nxf6 gxf6 16. Qh5 Qxe4 17. Qxf7 Qg6 18. Qd5 Kd7 19. Qb5+ c6 20.
Qa6 Kc7 21. Rfe1 Re5 22. Qa4 Kb7 23. Rxe5 fxe5 24. Rd1 Rg8 25. g3 h5 26. c3 e4
27. Qd4 Kc7 28. Re1 d5 29. c4 Qd6 30. cxd5 cxd5 31. Rc1+ Kd7 32. Qa4+ Ke6 33.
Rc6 1-0

[Event "AUTO-MASTER-3285"]
[Site "http://www.queenalice.com/game.php?id=1864381"]
[Date "2025.10.16"]
[Round "1"]
[White "cerenzo72"]
[Black "raulzampronha"]
[Result "1/2-1/2"]
[WhiteElo "2116"]
[BlackElo "2253"]

1. c4 Nf6 2. Nc3 e6 3. e4 c5 4. Nf3 Nc6 5. Be2 Be7 6. d4 cxd4 7. Nxd4 O-O 8. O-O
d5 9. cxd5 exd5 10. exd5 Nxd5 11. Bf3 Nxc3 12. bxc3 Bd7 13. Qb3 Nxd4 14. cxd4
Bf6 15. Be3 Bc6 16. Bxc6 bxc6 17. Rac1 Qd5 18. Qxd5 1/2-1/2

[Event "AUTO-MASTER-3285"]
[Site "http://www.queenalice.com/game.php?id=1864382"]
[Date "2025.10.16"]
[Round "1"]
[White "raulzampronha"]
[Black "Capixabba789"]
[Result "1-0"]
[WhiteElo "2249"]
[BlackElo "1896"]

1. e4 e5 2. Nf3 d6 3. d4 exd4 4. Nxd4 Nf6 5. Nc3 Be7 6. Bf4 O-O 7. Qd2 Bg4 8. f3
Bd7 9. O-O-O a5 10. g4 Nc6 11. Nf5 Ne5 12. Bxe5 Bxf5 13. Bxf6 Bxe4 14. Bxe7 1-0

[Event "AUTO-MASTER-3285"]
[Site "http://www.queenalice.com/game.php?id=1864383"]
[Date "2025.10.16"]
[Round "1"]
[White "Capixabba789"]
[Black "raulzampronha"]
[Result "0-1"]
[WhiteElo "1885"]
[BlackElo "2252"]

1. d4 d5 2. Nc3 Nf6 3. f4 Bf5 4. Nf3 e6 5. e3 Bb4 6. Bd2 O-O 7. Bd3 Bxc3 8. Bxc3
Ne4 9. O-O Nd7 10. Bd2 Nxd2 11. Qxd2 c5 12. Ne5 Bxd3 13. cxd3 cxd4 14. exd4 g6
15. Qf2 Rc8 16. Rac1 Qe7 17. a3 Nf6 18. Kh1 Rc7 19. Qd2 Rfc8 20. Rxc7 Qxc7 21.
b4 Qc3 0-1

[Event "AUTO-ELITE-2596"]
[Site "http://www.queenalice.com/game.php?id=1864624"]
[Date "2025.10.21"]
[Round "1"]
[White "trompmaster"]
[Black "raulzampronha"]
[Result "1-0"]
[WhiteElo "2327"]
[BlackElo "2252"]

1. e4 c5 2. Nf3 e6 3. Nc3 Nc6 4. d4 cxd4 5. Nxd4 Qc7 6. Be3 a6 7. Qd2 Nf6 8. f3
b5 9. g4 h6 10. Nxc6 dxc6 11. O-O-O e5 12. Qf2 Nd7 13. h4 b4 14. Na4 c5 15. Bc4
Be7 16. g5 1-0

[Event "AUTO-ELITE-2596"]
[Site "http://www.queenalice.com/game.php?id=1864625"]
[Date "2025.10.21"]
[Round "1"]
[White "raulzampronha"]
[Black "trompmaster"]
[Result "0-1"]
[WhiteElo "2242"]
[BlackElo "2337"]

1. e4 d6 2. d4 Nf6 3. Nc3 e5 4. Nf3 Nbd7 5. g4 Nxg4 6. Rg1 Ngf6 7. Bc4 h6 8. Be3
c6 9. Qd3 b5 10. Bxf7+ Kxf7 11. dxe5 dxe5 12. Nxe5+ Nxe5 13. Qxd8 Nf3+ 14. Kd1
Nxg1 15. Qc7+ Be7 16. Qxc6 Rd8+ 17. Kc1 Bd7 18. Qa6 b4 0-1

[Event "AUTO-ELITE-2597"]
[Site "http://www.queenalice.com/game.php?id=1865004"]
[Date "2025.11.2"]
[Round "1"]
[White "trompmaster"]
[Black "raulzampronha"]
[Result "1-0"]
[WhiteElo "2369"]
[BlackElo "2261"]

1. d4 d5 2. Nc3 Nf6 3. Bf4 a6 4. e3 e6 5. g4 h6 6. h3 c5 7. Nf3 Nc6 8. Bg2 Bd6
9. Ne2 Bxf4 10. exf4 cxd4 11. O-O Qb6 12. Nexd4 Qxb2 13. Nxc6 bxc6 14. Ne5 Qb6
15. c4 O-O 16. g5 hxg5 17. fxg5 Nd7 18. Rb1 Qc7 19. Nxc6 Qxc6 20. cxd5 exd5 21.
Bxd5 Qc5 22. Bxa8 Qxg5+ 23. Bg2 Nf6 24. Qc1 Qg6 25. Rb8 1-0

[Event "AUTO-ELITE-2597"]
[Site "http://www.queenalice.com/game.php?id=1865005"]
[Date "2025.11.2"]
[Round "1"]
[White "raulzampronha"]
[Black "trompmaster"]
[Result "0-1"]
[WhiteElo "2245"]
[BlackElo "2386"]

1. e4 d6 2. d4 Nf6 3. Nc3 e5 4. Nf3 Nbd7 5. Bc4 Be7 6. O-O O-O 7. Re1 c6 8. a4
h6 9. a5 Rb8 10. Bd3 a6 11. h3 Re8 12. Be3 exd4 13. Nxd4 Nc5 14. Nb3 Nxd3 15.
Qxd3 Nd7 16. Nd4 Ne5 17. Qf1 c5 18. Nb3 Be6 19. Nd2 Nc6 20. f4 f5 21. Nc4 fxe4
22. Nxe4 Bxc4 23. Qxc4+ d5 0-1

[Event "AUTO-OPEN-4612"]
[Site "http://www.queenalice.com/game.php?id=1865793"]
[Date "2025.11.19"]
[Round "2"]
[White "raulzampronha"]
[Black "josebaron"]
[Result "1-0"]
[WhiteElo "2235"]
[BlackElo "2204"]

1. e4 e5 2. Nf3 Nc6 3. d4 exd4 4. Nxd4 d6 5. Nc3 Be7 6. Bf4 Nf6 7. Qd2 O-O 8.
O-O-O Nxd4 9. Qxd4 c5 10. Qd2 a6 11. Bxd6 Bxd6 12. Qxd6 Qxd6 13. Rxd6 Be6 14. f3
Rad8 15. Rxd8 Rxd8 16. Be2 Kf8 17. Rd1 Rxd1+ 18. Bxd1 h5 19. Kd2 Ke7 20. Ke3 g5
21. f4 gxf4+ 22. Kxf4 h4 23. h3 b5 24. a3 Nd7 25. Kg5 1-0

[Event "AUTO-OPEN-4612"]
[Site "http://www.queenalice.com/game.php?id=1865794"]
[Date "2025.11.19"]
[Round "2"]
[White "josebaron"]
[Black "raulzampronha"]
[Result "1/2-1/2"]
[WhiteElo "2196"]
[BlackElo "2240"]

1. e4 c5 2. Nf3 e6 3. d4 cxd4 4. Nxd4 d6 5. Bb5+ Nd7 6. Bxd7+ Bxd7 7. O-O Nf6 8.
Re1 Be7 9. Nc3 a6 10. Bg5 O-O 11. a4 Rc8 12. Nf3 Qc7 13. e5 dxe5 14. Nxe5 Rfd8
15. Nxd7 Rxd7 16. Qe2 Qb6 17. Rab1 h6 18. Bh4 Rcd8 19. Red1 Rxd1+ 20. Nxd1 Qb4
21. Bxf6 Bxf6 22. b3 Rd2 23. Qe1 a5 24. Ne3 Qc3 25. Rd1 Rxd1 1/2-1/2